000 00500nam a22001817a 4500
999 _c164852
_d164852
005 20190528162232.0
010 _aENG-125343
020 _a9789382536390
_c225.00
035 _aEN-108875
037 _bDBAD/PUB
082 _aN
100 _aPant, Monika
245 _aCaught in two winds/
_cby Monika Pant
260 _aNew Delhi
_bLiFi Publication
_c2014
270 _a211,2nd Floor, Gagandeep 12,Rajendra Place,
_bNew Delhi
_e110008
300 v _axi230p.
_c20cm(pb)
942 _2ddc
_cEN
_mPAN
_hN